000 00550nam a2200217Ia 4500
005 20250127014639.0
008 240331s9999 xx 000 0 und d
020 _a817
082 _bLEW
_a910
100 _aLewis, J.P
245 0 _aA Manual of the Vanni districts :
_bvavuniya and mullaitivu
260 _aNavrang
_bNew Delhi
_c1993
300 _a335 p .,
650 _aTopography
650 _aHistorical Sketch
650 _aAdministration
650 _apopulation
650 _aDivision and Vilages
650 _aArchaeology
942 _cL
999 _c3437
_d3437